000 00843cam a22002414a 4500
001 13507675
005 20180307073958.0
008 040302s2004 mau b 001 0 eng
010 _a 2004004807
020 _a1593370563
040 _aDLC
_cDLC
_dDLC
041 _aeng
042 _apcc
080 _a150 WAR
082 0 0 _a150 WAR
_222
100 1 _a48
101 _aPSI
245 1 4 _aThe everything psychology book :
_cLynda L. Warwick, and Lesley Bolton.
504 _aIncludes bibliographical references and index.
906 _a7
_bcbc
_corignew
_d1
_eecip
_f20
_gy-gencatlg
942 _2ddc
_cBK
999 _c44309
_d44309